UK house price stagnation (Record no. 72559)

MARC details
000 -LEADER
fixed length control field 01099cam a2200217 4500
001 - CONTROL NUMBER
control field WB3916-07
008 - FIXED-LENGTH DATA ELEMENTS--GENERAL INFORMATION
fixed length control field 030429n2003 000 0 eng u
035 ## - SYSTEM CONTROL NUMBER
System control number (Sirsi) u122107
245 ## - TITLE STATEMENT
Title UK house price stagnation
260 ## - PUBLICATION, DISTRIBUTION, ETC.
Date of publication, distribution, etc. 2003
490 ## - SERIES STATEMENT
Series statement RICS Business
Volume/sequential designation May 2003, 5(1)
520 ## - SUMMARY, ETC.
Summary, etc. Survey by property website Hometrack shows house price stagnation set to continue, led by a slowdown in London and the south-east. There has been zero UK house price inflation and in London prices have fallen at the fastest rate in nearly a decade. However northern regions have all recorded price increases and RICS housing spokesman Ian Perry remains optimistic about the future of the market arguing there is no indication that the downturn will be long lasting. For the Hometrack monthly survey: http://www.hometrack.co.uk/press/news/ACF29F.pdf
590 ## - LOCAL NOTE (RLIN)
Local note WB
650 ## - SUBJECT ADDED ENTRY--TOPICAL TERM
Topical term or geographic name entry element HOUSE PRICES
650 ## - SUBJECT ADDED ENTRY--TOPICAL TERM
Topical term or geographic name entry element HOMETRACK.CO.UK
650 ## - SUBJECT ADDED ENTRY--TOPICAL TERM
Topical term or geographic name entry element LONDON
650 ## - SUBJECT ADDED ENTRY--TOPICAL TERM
Topical term or geographic name entry element PRICE INCREASES
650 ## - SUBJECT ADDED ENTRY--TOPICAL TERM
Topical term or geographic name entry element ECONOMIC DOWNTURN
690 ## - LOCAL SUBJECT ADDED ENTRY--TOPICAL TERM (OCLC, RLIN)
Topical term or geographic name as entry element PROPERTY-RESIDENTIAL PROPERTY-RESIDENTIAL PROPERTY MARKET
942 ## - ADDED ENTRY ELEMENTS (KOHA)
Suppress in OPAC 0
Holdings
Withdrawn status Lost status Source of classification or shelving scheme Damaged status Not for loan Home library Current library Shelving location Date acquired Total Checkouts Full call number Barcode Date last seen Copy number Price effective from Koha item type
    Dewey Decimal Classification     London London News article 29/04/2003   WB3916-07 122107-1001 06/08/2019 1 06/08/2019 News article